Kieran Culkin Filmography - Statistics

General Stats
  • This quiz has been taken 47 times
    23 since last reset
  • The average score is 18 of 55
Answer Stats
Type Year Name % Correct
Film 1990 Home Alone
94%
Film 1992 Home Alone 2: Lost in New York
82%
Film 2024 A Real Pain
76%
TV Show 2018-2023 Succession
76%
Film 1991 Father of the Bride
59%
Film 2010 Scott Pilgrim vs. the World
59%
Web Mini-Series 2023 Scott Pilgrim Takes Off
53%
Film 1995 Father of the Bride Part II
47%
TV Show 1991, 2021, 2022, 2025 Saturday Night Live
47%
Film 1999 She's All That
47%
Film 2002 The Dangerous Lives of Altar Boys
47%
Film 1998 The Mighty
47%
TV Show 2015 Fargo
41%
Short Film 2020 Father of the Bride Part 3 (ish)
41%
Film 2002 Igby Goes Down
41%
Film 1999 Music of the Heart
41%
Film 2026 The Hunger Games: Sunrise on the Reaping
41%
Film 1996 Amanda
35%
Film 2025 Animal Farm
35%
Film 2008 Lymelife
35%
Film 2013 Movie 43
35%
Film 1994 My Summer Story
35%
Film 1991 Only the Lonely
35%
Film 2009 Paper Man
35%
Film 1999 The Cider House Rules
35%
Theater 2025 Glengarry Glen Ross
29%
Film 2017 Infinity Baby
29%
TV Show 2025 Krapopolis
29%
Film 2011 Margaret
29%
Film 1993 Nowhere to Run
29%
TV Show 2020 Robot Chicken
29%
Film 2016 Wiener-Dog
29%
Web Series 2025 #1 Happy Family USA
24%
Short Film 2017 Approaching a Breakthrough
24%
TV Show 1996 Frasier
24%
Documentary Mini-Series 2022 Gaming Wall St
24%
TV Show 2001 Go Fish
24%
TV Mini-Series 2015 Long Live the Royals
24%
Film 2021 No Sudden Move
24%
Film 2015 Quitters
24%
Web Series 2022-2024 Solar Opposites
24%
Web Series 2022 The Boys Presents: Diabolical
24%
TV Mini-Series 1999 The Magical Legend of the Leprechauns
24%
Web Series 2024-Present The Second Best Hospital in the Galaxy
24%
Theater 2014-2015 This Is Our Youth
24%
Theater 2005 After Ashley
18%
Web Series 2023 Agent Elvis
18%
Theater 2006 Suburbia
18%
TV Show 2023 Teenage Euthanasia
18%
Theater 1999-2000 The Moment When
18%
Theater 2009 The Starry Messenger
18%
Film 2003 Abby Singer
0%
Documentary Series 2023 Finding Your Roots with Henry Louis Gates, Jr.
0%
Theater 2006 The 24 Hour Plays 2006
0%
TV Show 2025 WWE Raw
0%
No matching quizzes found
Score Distribution
Percent of People with Each Score
Percentile by Number Answered
Your Score History
You have not taken this quiz since the last reset